| 000 | 00734nam a22002297a 4500 | ||
|---|---|---|---|
| 005 | 20220426103121.0 | ||
| 008 | 220426b ||||| |||| 00| 0 eng d | ||
| 020 | _a0006329934 | ||
| 040 | _cAloy | ||
| 041 | _aeng | ||
| 082 |
_223 _a192 _bMAGP |
||
| 100 |
_aBryan Magee _931864 |
||
| 245 | _aPopper | ||
| 260 |
_aGreat Britain _bFontana Collins _c1976 |
||
| 300 |
_a32 p. _bPB _c18x11cm. |
||
| 365 | _2Philosophy | ||
| 520 | _aBryan Magee demonstrates Popper's importance across the whole range of philosophy: and in doing so provides a lively and up-to-date introduction to philosophy itself. | ||
| 650 |
_aPhilosophy _931865 |
||
| 650 |
_aPopper's Evolutionism _931866 |
||
| 700 |
_aMAGEE (Bryan) _931867 |
||
| 942 |
_2ddc _cGF |
||
| 999 |
_c222626 _d222626 |
||